000 00572nam a22001817a 4500
005 20180803121556.0
010 _aENG-123670
020 _c50.00
_a9789387871373
035 _aEN-107202
037 _bDBAD/PUB
082 _a881
100 _aThamodaran N.
245 _aVoice for the voiceless:
_cby N. Thamodaran N. [and] S. sivaKarthick
_ba pile of po-quote /
260 _aMadurai
_bShanlax Publications
_c2018
270 _a61, 66 T.P.K Main Road Vasantha Nagar
_bMadurai
_e625003
300 _a40p. :
_c21cm(pbk)
942 _2ddc
_cEN
_h881
_mTHA
999 _c155342
_d155342